00656nam a2200241 a 4500001001300000003000900013005001700022008004100039020001000080082001800090100000700108245001500115260004000130300000900170500003500179505001700214650002700231700000700258902000800265942000700273952011900280999001500399nice12345678IN_TiNIC20260116012548.0050524s0000 chea grp 000 0 eng  ac10000a954.0258bAUR a,  aAurangzeb. aChennai bLilly Soosai Opset c0000 a104p aincludes index and biblioraphy2 aPart 1 and 2 aMughal India-Aurangzeb1 a,  bSRS cBK 001040708StackRoom-aHMIbHMId2007-04-04g100.00l0o954.0258 AURp011925r2007-04-04v100.00w2005-05-24yBK c7472d7472